00363nam a2200109Ia 4500008004100000020002200041040002900063050002500092100006700117245003800184260003100222221216s9999||||xx |||||||||||||| ||und|| a978-0-07-353062-8 cChuka University Library aHG 4026b .R677 2008 aRoss, Stephen A. , Randolph W. Westerfield , Bradford D Jordan 0aFundamentals of corporate finance aMcgraw hill bBostonc2008